LEADER 06203nam 2200697 450 001 000012869 005 20141124101048.0 010 $a0-674-99162-1$bvol. 1 010 $a0-434-99147-3$bvol. 1 010 $a0-674-99164-8$bvol. 2 010 $a0-434-99148-1$bvol. 2 010 $a0-674-99165-6$bvol. 3 010 $a0-434-99149-X$bvol. 3 010 $a0-674-99166-4$bvol. 4 010 $a0-434-99150-3$bvol. 4 010 $a0-674-99520-1$bvol. 5 010 $a0-434-99472-3$bvol. 5 010 $a0-674-99522-8$bvol. 6 010 $a0-434-99473-1$bvol. 6 010 $a0-674-99526-0$bvol. 7 010 $a0-674-99531-7$bvol. 8 100 $a20030506d--------km-y0itay0103----ba 101 2 $agrc$aeng 102 $aUS$aGB 200 1 $aHippocrates$ein six volumes 210 $aCambridge, Massachusetts$cHarvard University Press$aLondon$c<> Heinemann 215 $a8 volumi$cill.$d17 cm 225 2 $a<> Loeb classical library 300 $aTraduzione inglese con testo greco a fronte 327 1 $aVol. I: Ancient medicine ; Airs, waters, places ; Epydemics I and III ; The oath ; Precepts ; Nutriment / with an English translation by W. H. S. Jones. - 1984. - LXX, 361 p.$aVol. II: Prognostic ; Regimen in acute diseases ; ; The sacred disease ; The art ; Breaths ; Law ; Decorum ; Physician (chapter I) ; Dentition ; Postscript / with an English translation by W. H. S. Jones. - 1981. - LXVI, 335 p.$aVol. III: On wounds in the head ; In the surgery ; Fractures, joints, mochlicon ; On fractures ; On joints ; Instruments of reduction / with an English translation by E. T. Withington. - 1984. - XXVII, 455 p., [1] carta di tav.$aVol. IV: Nature of man ; Regimen in health ; Humours ; Aphorisms ; Regimen I, II, III ; Dreams ; On the universe / Heracleitus / with an English translation by W. H. S. Jones. - 1979. - LVIII, 522 p.$aVol. V: Affections ; Deseases I, II / with an English translation by Paul Potter. - 1988. - XIV, 333 p.$aVol. VI: Diseases III ; Internal affections ; Regimen in acute diseases ; Weights and measures ; Index of symptoms and diseases ; Greek names of symptoms and diseases ; Index of foods and drugs ; Greek names of foods and drugs / with an English translation by Paul Potter. - 1988. - XV, 361 p.$aVol. VII: Epidemics II, III, IV, V, VI, VII / edited and translated by Wesley D. Smith. - 1994. - 424 p.$aVol. VIII : Places in man ; Glands ; Fleshes ; Prorrhetic I ; Prorrhetic II ; Physician ; Use of liquids ; Ulcers ; Haemorroids ; Fistulas / edited and translated by Paul Potter. - 1995. - 418 p. 410 0$12001$a<> Loeb classical library 676 $a610.901$v(22. ed.)$9Medicina. Fino al 499 d.C 700 0$aHippocrates$f$0157241 702 1$aJones,$bWilliam Henry Samuel 702 1$aWithington,$bE. T. 702 1$aPotter,$bPaul 702 1$aSmith,$bWesley D. 801 0$aIT$bUniversità della Basilicata - B.I.A.$gREICAT$2unimarc 912 $a000012869 996 $aDe natura muliebri$926746 997 $aUNIBAS CAT $aSTD019$b01$c20030506$lBAS01$h1014 CAT $c20050601$lBAS01$h1755 CAT $abatch$b01$c20050718$lBAS01$h1051 CAT $c20050718$lBAS01$h1110 CAT $c20050718$lBAS01$h1140 CAT $c20050718$lBAS01$h1155 CAT $aEXT013$b01$c20141020$lBAS01$h1042 CAT $aEXT013$b01$c20141020$lBAS01$h1045 CAT $aEXT013$b01$c20141020$lBAS01$h1045 CAT $aEXT013$b01$c20141022$lBAS01$h0925 CAT $aEXT013$b01$c20141124$lBAS01$h1010 FMT Z30 -1$lBAS01$LBAS01$mBOOK$1BASA1$APolo Storico-Umanistico$2DSLF$BCollezione DiSLF$3FP/5966/1$65966/1$5F5966/1$820141020$b7$f04$FPrestabile Didattica$hVolume VII: Epidemics II, III, IV, V, VI, VII. - edited and translated by Wesley D. Smith. - 1994. - 424 p. Z30 -1$lBAS01$LBAS01$mBOOK$1BASA1$APolo Storico-Umanistico$2DSLF$BCollezione DiSLF$3FP/5966/2$65966/2$5F5966/2$820141020$b8$f04$FPrestabile Didattica$hVol. VIII : Places in man ; Glands ; Fleshes ; Prorrhetic I ; Prorrhetic II ; Physician ; Use of liquids ; Ulcers ; Haemorroids ; Fistulas / edited and translated by Paul Potter. - 1995. - 418 p. Z30 -1$lBAS01$LBAS01$mBOOK$1BASA1$APolo Storico-Umanistico$2GEN$BCollezione generale$3Class/969$614744$5L14744$820141020$b1$f02$FPrestabile Generale$hVol. I: Ancient medicine ; Airs, waters, places ; Epydemics I and III ; The oath ; Precepts ; Nutriment / with an English translation by W. H. S. Jones. - 1984. - LXX, 361 p. Z30 -1$lBAS01$LBAS01$mBOOK$1BASA1$APolo Storico-Umanistico$2GEN$BCollezione generale$3Class/970$614745$5L14745$820141020$b2$f02$FPrestabile Generale$hVol. II: Prognostic ; Regimen in acute diseases ; ; The sacred disease ; The art ; Breaths ; Law ; Decorum ; Physician (chapter I) ; Dentition ; Postscript / with an English translation by W. H. S. J Z30 -1$lBAS01$LBAS01$mBOOK$1BASA1$APolo Storico-Umanistico$2GEN$BCollezione generale$3Class/971$614964$5L14964$820141020$b3$f02$FPrestabile Generale$hVol. III: On wounds in the head ; In the surgery ; Fractures, joints, mochlicon ; On fractures ; On joints ; Instruments of reduction / with an English translation by E. T. Withington. - 1984. - XXVI Z30 -1$lBAS01$LBAS01$mBOOK$1BASA1$APolo Storico-Umanistico$2GEN$BCollezione generale$3Class/972$614746$5L14746$820141020$b4$f02$FPrestabile Generale$hVol. IV: Nature of man ; Regimen in health ; Humours ; Aphorisms ; Regimen I, II, III ; Dreams ; On the universe / Heracleitus / with an English translation by W. H. S. Jones. - 1979. - LVIII, 522 p. Z30 -1$lBAS01$LBAS01$mBOOK$1BASA1$APolo Storico-Umanistico$2GEN$BCollezione generale$3Class/973$678918$5L78918$820141022$b5$f02$FPrestabile Generale$hVol. V: Affections ; Deseases I, II / with an English translation by Paul Potter. - 1988. - XIV, 333 p. Z30 -1$lBAS01$LBAS01$mBOOK$1BASA1$APolo Storico-Umanistico$2GEN$BCollezione generale$3Class/974$678491$5L78491$820141022$b6$f02$FPrestabile Generale$hVol. VI: Diseases III ; Internal affections ; Regimen in acute diseases ; Weights and measures ; Index of symptoms and diseases ; Index of foods and drugs. - with an English translation by Paul Potter LEADER 02756nam 2200685 a 450 001 9910465479903321 005 20200520144314.0 010 $a1-283-42489-4 010 $a9786613424891 010 $a90-272-8167-X 035 $a(CKB)2560000000079371 035 $a(EBL)835002 035 $a(OCoLC)772845110 035 $a(SSID)ssj0000589053 035 $a(PQKBManifestationID)12291913 035 $a(PQKBTitleCode)TC0000589053 035 $a(PQKBWorkID)10649625 035 $a(PQKB)10546569 035 $a(MiAaPQ)EBC835002 035 $a(Au-PeEL)EBL835002 035 $a(CaPaEBR)ebr10524142 035 $a(CaONFJC)MIL342489 035 $a(OCoLC)778434279 035 $a(EXLCZ)992560000000079371 100 $a20111003d2012 uy 0 101 0 $aeng 135 $aurcn||||||||| 181 $ctxt 182 $cc 183 $acr 200 00$aBody memory, metaphor and movement$b[electronic resource] /$fedited by Sabine C. Koch ... [et al.] 210 $aAmsterdam ;$aPhiladelphia $cJohn Benjamins Pub. Co.$d2012 215 $a1 online resource (476 p.) 225 1 $aAdvances in consciousness research (AiCR),$x1381-589X ;$vv. 84 300 $aDescription based upon print version of record. 311 $a90-272-1350-X 320 $aIncludes bibliographical references and index. 327 $apt. 1. Contributions from phenomenology -- pt. 2. Contributions from cognitive sciences -- pt. 3. Contributions from embodied therapies -- pt. 4.Conclusions. 330 $aBody Memory, Metaphor and Movement is an interdisciplinary volume with contributions from philosophers, cognitive scientists, and movement therapists. Part one provides the phenomenologically grounded definition of body memory with its different typologies. Part two follows the aim to integrate phenomenology, conceptual metaphor theory, and embodiment approaches from the cognitive sciences for the development of appropriate empirical methods to address body memory. Part three inquires into the forms and effects of therapeutic work with body memory, based on the integration of theory, em 410 0$aAdvances in consciousness research ;$vv. 84. 606 $aMuscular sense 606 $aMovement, Psychology of 606 $aBody schema 606 $aMemory 606 $aMetaphor 608 $aElectronic books. 615 0$aMuscular sense. 615 0$aMovement, Psychology of. 615 0$aBody schema. 615 0$aMemory. 615 0$aMetaphor. 676 $a152.3 701 $aKoch$b Sabine C$0971329 801 0$bMiAaPQ 801 1$bMiAaPQ 801 2$bMiAaPQ 906 $aBOOK 912 $a9910465479903321 996 $aBody memory, metaphor and movement$92208112 997 $aUNINA